Normal view
MARC view
- Erben,Tony, Ruth Ban, Martha Castaneda
Entry Personal Name
001 - CONTROL NUMBER
- control field: 6400
003 - CONTROL NUMBER IDENTIFIER
- control field: JO-AjAnu
005 - DATE AND TIME OF LATEST TRANSACTION
- control field: 20230606071334.0
008 - FIXED-LENGTH DATA ELEMENTS
- fixed length control field: 230606|| aca||aabn | a|a d
040 ## - CATALOGING SOURCE
- Original cataloging agency: JO-AjAnu
- Transcribing agency: JO-AjAnu
100 ## - HEADING--PERSONAL NAME
- Personal name: Erben,Tony, Ruth Ban, Martha Castaneda
670 ## - SOURCE DATA FOUND
- Source citation: Work cat.: (JO-AjAnu)3314: Erben,Tony, Ruth Ban, Martha Castaneda, author, Teaching English Language Learners through Technology